مكتبة جامعة عجلون الوطنية

فهرس بحث المكتبة

مهام حرس الحدود في الدول العربية: ندوة غقدت بالأكاديمية في الرياض في الفترة من 30/2 - 2/3/1420 هجري الموافق 14-16 /6 /1999 (Record no. 29035)

MARC details
000 -LEADER
fixed length control field 00964nam a2200217Ii 4500
003 - CONTROL NUMBER IDENTIFIER
control field JO-AjNU
008 - FIXED-LENGTH DATA ELEMENTS--GENERAL INFORMATION
fixed length control field 230605s9999||||xx |||||||||||||| ||und||
017 ## - COPYRIGHT OR LEGAL DEPOSIT NUMBER
Copyright or legal deposit number 20/2022
020 ## - INTERNATIONAL STANDARD BOOK NUMBER
International Standard Book Number 9960-853-04-7
040 ## - CATALOGING SOURCE
Original cataloging agency JO-AjNU
Language of cataloging ara
Description conventions rda
Transcribing agency JO-AjNU
041 ## - LANGUAGE CODE
Language code of text/sound track or separate title ara
050 14 - LIBRARY OF CONGRESS CALL NUMBER
Classification number JX1981.B65.N32 1999
100 3# - MAIN ENTRY--PERSONAL NAME
Personal name أكاديمية نايف العربية للعلوم الأمنية - الرياض,
Relator term author
9 (RLIN) 56901
245 00 - TITLE STATEMENT
Title مهام حرس الحدود في الدول العربية: ندوة غقدت بالأكاديمية في الرياض في الفترة من 30/2 - 2/3/1420 هجري الموافق 14-16 /6 /1999
264 31 - PRODUCTION, PUBLICATION, DISTRIBUTION, MANUFACTURE, AND COPYRIGHT NOTICE
Place of production, publication, distribution, manufacture الرياض: أكاديمية نايف العربية للعلوم الأمنية، 1999
300 ## - PHYSICAL DESCRIPTION
Extent 195ص
336 ## - CONTENT TYPE
Content type term text
Content type code txt
Source rdacontent
337 ## - MEDIA TYPE
Media type term unmediated
Media type code n
Source rdamedia
338 ## - CARRIER TYPE
Carrier type term volume
Carrier type code nc
Source rdacarrier
650 #4 - SUBJECT ADDED ENTRY--TOPICAL TERM
Topical term or geographic name entry element الحدود السياسية - البلاد العربية - مؤتمرات
9 (RLIN) 56902
Holdings
Withdrawn status Lost status Source of classification or shelving scheme Damaged status Not for loan Home library Current library Shelving location Date acquired Total Checkouts Full call number Barcode Date last seen Price effective from Koha item type
    Library of Congress Classification     مكتبة جامعة عجلون الوطنية مكتبة جامعة عجلون الوطنية المجموعات العامة 06/06/2023   JX1981.B65.N32 1999 A25467 06/06/2023 06/06/2023 Books